Global environmental politics (Registro nro. 1023)

Detalles MARC
000 -CABECERA
Campo de control 00654nam a2200241 a 4500
005 - FECHA Y HORA DE LA ULTIMA TRANSACCION
Campo de control 20191224041551.0
008 - ELEMENTOS DE LONGITUD FIJA—INFORMACION GENERAL
Campo de control 140224b1996 -Us||||| |||| 00| 0 eng d
020 ## - ISBN
ISBN 0813321824
040 ## - FUENTE DE CATALOGACIÓN
Agencia catalogadora original CO-BoIAVH
Agencia transcriptora CO-BoIAVH
041 ## - IDIOMA
Código de idioma para texto/pista de sonido o título separado Inglés
044 ## - PAÍS DE PUBLICACIÓN
País de publicación Estados Unidos
082 ## - NUMERO DE CLASIFICACION DECIMAL DEWEY
Número de clasificación 354.3
Número del ítem P84g
100 ## - ASIENTO PRINCIPAL--NOMBRE PERSONAL
Nombre personal Porter, Gareth
9 (RLIN) 10402
245 10 - MENCION DE TITULO
Título Global environmental politics
250 ## - MENCION DE EDICION
Mención de edición 2 ed.
260 ## - PUBLICACION, DISTRIBUCION, ETC. (PIE DE IMPRENTA)
Lugar de publicación, distribución, etc. Colorado
Nombre del editor, distribuidor, etc. Westview Press
Fecha de publicación, distribución, etc. 1996
300 ## - DESCRIPCION FISICA
Extensión 238 páginas
Dimensiones 22 x 15
650 14 - ASIENTO SECUNDARIO DE MATERIA - TERMINO TEMATICO
Término temático o nombre geográfico como elemento de entrada Política ambiental
9 (RLIN) 84063
650 14 - ASIENTO SECUNDARIO DE MATERIA - TERMINO TEMATICO
Término temático o nombre geográfico como elemento de entrada Política económica
9 (RLIN) 84064
650 14 - ASIENTO SECUNDARIO DE MATERIA - TERMINO TEMATICO
Término temático o nombre geográfico como elemento de entrada Desarrollo global
9 (RLIN) 7497
700 ## - ASIENTO SECUNDARIO - NOMBRE PERSONAL
Nombre personal Brown, Janet Welsh
9 (RLIN) 10405
942 ## - ELEMENTOS ADICIONALES (KOHA)
Tipo de ítem Libro
Sistema de clasificación Dewey Decimal Classification
Existencias
Withdrawn status Lost status Sistema de Clasificación Damaged status No para préstamo Colección Inventariado Ubicación Permanente Ubicación actual Fecha de adquisición Fuente de Valor Valor Total Checkouts Número topográfico Inventario / Código de Barras Date last seen Ejemplar Price effective from Forma de adquisición Tipo de material
    Dewey Decimal Classification     General Inventariado 2017 Sala Fabio Quevedo Sala Fabio Quevedo 20/01/1999 Instituto 39000.00   LB-354.3 P84g 001402 04/12/2012 Ej. 1 04/12/2012 Donación Libro